| 000 | 02270cam a22004217a 4500 | ||
|---|---|---|---|
| 003 | CHAP | ||
| 005 | 20220329135804.0 | ||
| 008 | 971013s1974 r 00010 d | ||
| 010 | _a42162 | ||
| 011 | _a43134 | ||
| 035 | _a47270 | ||
| 040 | _cCHAP | ||
| 082 | 0 | 0 |
_a338.083 _bM49c 1971 |
| 110 | 0 |
_aMéxico. Dirección General de Estadística _976986 |
|
| 245 | 1 | 0 | _aCenso industrial (9o.) 1971 : datos de 1970 |
| 260 |
_aMéxico, D.F. : _bDirección General de Estadística, _c1974 |
||
| 300 | _av. | ||
| 500 | _aLa biblioteca tiene: v.1 Industrias extractivas y de transformación (excepto extracción y refinación de petroleo e industria petroquímica básica) : principales caracteristicas ; v.2: empresas de participación estatal y organismos descentralizados : Industrias de extracción y refinación de petróleo y petroquímica básica e industria de generación, transmisión | ||
| 590 |
_aBATCH-UPD _b10 _c20130110 _lUCH01 _h2015 |
||
| 590 |
_aBATCH-UPD _b10 _c20130410 _lUCH01 _h1333 |
||
| 590 |
_aBATCH-UPD _b10 _c20130914 _lUCH01 _h1633 |
||
| 590 |
_aCONVERSION _b10 _c20130109 _lUCH01 _h1323 |
||
| 650 | 1 | 4 |
_aIndustria _xEstadísticas _zMéxico. _957721 |
| 901 | _aBK | ||
| 942 | _cLIBRO | ||
| 949 |
_a338.083 M49c 1971 _bBC _cC _d33724000487435 _eC _fRes. Gral. v.2 _h46983 _i47270 _si |
||
| 949 |
_a338.083 M49c 1971 _bBC _cC _d33724000509691 _eC _fInd. Ext. _h32117 _i47270 _mD _si |
||
| 949 |
_a338.083 M49c 1971 _bBC _cC _d33724000509766 _eC _fEmpre. c.2 _h44538 _i47270 _si |
||
| 949 |
_a338.083 M49c 1971 _bBC _cC _d33724000509782 _eC _fDatos b�sicos _h46981 _i47270 _sb |
||
| 949 |
_a338.083 M49c 1971 _bBC _cC _d33724000509790 _eC _fEmpr. _h36687 _i47270 _si |
||
| 949 |
_a338.083 M49c 1971 _bBC _cC _d33724000509881 _eC _fInd. Ext. _h32118 _i47270 _si |
||
| 949 |
_a338.083 M49c 1971 _bBC _cC _d33724000509899 _eC _fR.G. v.2 c.2 _h46983 _i47270 _si |
||
| 949 |
_a338.083 M49c 1971 _bBC _cC _d33724000509949 _eC _fAvances c.2 _h46980 _i47270 _sb |
||
| 949 |
_a338.083 M49c 1971 _bBC _cC _d33724000529400 _eC _fI.E.R. _h36688 _i47270 _si |
||
| 949 |
_a338.083 M49c 1971 _bBC _cC _d33724000549168 _eC _fRes. Gral. _h39922 _i47270 _si |
||
| 949 |
_a338.083 M49c 1971 _bBC _cC _d33724000549192 _eC _fAvances _h3810 _i47270 _si |
||
| 949 |
_a338.083 M49c 1971 _bBC _cC _d33724002311280 _eC _fRes. Gral. c.2 _h46982 _i47270 _si |
||
| 999 |
_c42162 _d42162 |
||